| 000 | 00706nam a2200229 u 4500 | ||
|---|---|---|---|
| 005 | 20240507063701.0 | ||
| 008 | 070822s1989 r 000 0 eng d | ||
| 020 | _a9686354670 | ||
| 035 | _aUPN01000151182 | ||
| 049 | _aCG | ||
| 050 | 4 |
_aBL457 M4 _bE4.3 |
|
| 100 | 1 |
_aEliade, Mircea, _d1907-1986 _933710 |
|
| 245 | 1 | 0 |
_aHerreros y alquimistas / _cMircea Eliade ; tr. E. T. |
| 260 |
_aMéxico : _bAlianza, _c1989. |
||
| 300 |
_a197 p. : _bil. |
||
| 440 | 3 |
_aEl libro de bolsillo. _pHumanidades ; _v533 |
|
| 534 |
_pTítulo original: _tForgerons et alchimistes |
||
| 650 | 2 |
_aAlquimia _92537 |
|
| 650 | 4 |
_aMETALES - _vMISCELANEA _98112 |
|
| 650 | 4 |
_aMETALES - _xASPECTOS RELIGIOSOS _98111 |
|
| 905 | _aLibro | ||
| 999 |
_c123321 _d123321 |
||